Loreto College Library, Kolkata
WEBOPAC (ONLINE PUBLIC ACCESS CATALOGUE)

The company we keep (Record no. 2384)

MARC details
000 -LEADER
fixed length control field 00627nam a2200205Ia 4500
008 - FIXED-LENGTH DATA ELEMENTS--GENERAL INFORMATION
fixed length control field 131103s9999 xx 000 0 und d
020 ## - ISBN | অাই এস বি এন
ISBN | অাই এস বি এন 520062108
040 ## - CATALOGING SOURCE
Original cataloging agency Loreto College
041 ## - LANGUAGE CODE
Language code English
082 ## - DDC | ডিউই
Classification number | বর্গসংখ্যা 801,
Book Number | গ্রন্থাঙ্ক BOO
245 #4 - TITLE STATEMENT | অাখ্যা বিবরণী
Title | অাখ্যা The company we keep
Sub title | উপঅাখ্যা An ethics of fiction
Statement of responsibility | লেখকের দায়িত্বের বিবরণ Wayne C. Booth
260 ## - IMPRINT | প্রকাশনা ক্ষেত্র
Place of publication | প্রকাশ স্থান Berkeley
Name of publisher | প্রকাশকের নাম University of California Press
Date of publication | প্রকাশ কাল 1988
300 ## - PHYSICAL DESCRIPTION |
Page / Vol. No | পৃষ্ঠা / খন্ড সংখ্যা xii,557p, 22.5 cm.
504 ## - BIBLIOGRAPHY, ETC. NOTE
Bibliography, etc Includes bibliogrphical references and index
630 ## - SUBJECT ADDED ENTRY--UNIFORM TITLE
Uniform title Literary ethics
650 ## - SUBJECT ADDED ENTRY--TOPICAL TERM | বিষয় শিরোনাম - মূল বিষয়
Topical term | মূল বিষয় Literary Criticism
651 ## - SUBJECT ADDED ENTRY--GEOGRAPHIC NAME | বিষয় শিরোনাম - ভৌগলিক নাম
Geographic name | ভৌগলিক বিষয় Criticism-Moral and Ethical aspects
700 ## - ADDED ENTRY--PERSONAL NAME | অতিরিক্ত সংলেখ - ব্
Personal name | ব্যাক্তিনাম Booth, Wayne C., auth
942 ## - ADDED ENTRY ELEMENTS (KOHA)
Koha item type Books
Holdings
Withdrawn status Lost status Damaged status Not for loan Home library Current library Date acquired Total Checkouts Full call number Accession No. Date last seen Price effective from Koha item type
        Loreto College Loreto College 04/11/2013   801, BOO B1261 04/11/2013 04/11/2013 Books